Statistics for Village People Characters

Click here to take the quiz!

General Stats

  • This quiz has been taken 33 times
  • The average score is 3 of 6

Answer Stats

Answer% Correct
Cop
89%
Cowboy
86%
Native American
68%
Biker
64%
Worker
21%
Gl
7%

Score Distribution

Percentile by Number Answered

Percent of People with Each Score

Your Score History

You have not taken this quiz